Globalisation and international business / (Record no. 38083)

MARC details
000 -LEADER
fixed length control field 00700nam a22002057a 4500
005 - DATE AND TIME OF LATEST TRANSACTION
control field 20100728141242.0
010 ## - LCCN (DPL NO)
LC control number ENG-97302
020 ## - INTERNATIONAL STANDARD BOOK NUMBER
International Standard Book Number 9788184502442
Terms of availability 2150.00
035 ## - SYSTEM CONTROL NUMBER
System control number EN-80835
037 ## - SOURCE OF ACQUISITION
Source of stock number/acquisition DBAD/PUB
082 ## - DEWEY DECIMAL CLASSIFICATION NUMBER
Classification number 382
245 ## - TITLE STATEMENT
Title Globalisation and international business /
Statement of responsibility, etc edited by Devendra Thakur
260 ## - PUBLICATION, DISTRIBUTION, ETC. (IMPRINT)
Place of publication, distribution, etc New Delhi
Name of publisher, distributor, etc Deep & Deep Publications
Date of publication, distribution, etc 2009
270 ## - ADDRESS
Address F-159, Rajouri Garden,
City New Delhi
Postal code 110027
300 ## - PHYSICAL DESCRIPTION
Extent x, 701p.:
Other physical details ill.
Dimensions 23cm, (Hb)
500 ## - GENERAL NOTE
General note includes index
700 ## - ADDED ENTRY--PERSONAL NAME
Personal name Thakur, Devendra
9 (RLIN) 2111
942 ## - ADDED ENTRY ELEMENTS (KOHA)
Source of classification or shelving scheme Dewey Decimal Classification
Item type English Books
Classification part 382
Call number suffix GLO
Holdings
Withdrawn status Lost status Not for loan Collection code Home library Current library Date acquired Source of acquisition Cost, normal purchase price Full call number Barcode Copy number Cost, replacement price Koha item type
    Not For Loan Non-fiction D.B.Act.Division D.B.Act.Division 28/07/2010 DBAD/PUB 2150.00 382 GLO EN-80835 1 2150.00 English Books

© Delhi Public Library
Hit Counter
free hit counter